OECD economic outlook 85 june 2009

Salvato in:
Dettagli Bibliografici
Natura: Libro
Lingua:inglese
Pubblicazione: Paris OECD 2009
Soggetti:
Tags: Aggiungi Tag
Nessun Tag, puoi essere il primo ad aggiungerne!!

MARC

LEADER 00000nam a2200000 4500
001 0109339
005 20240315121009.9
020 |a 978-92-64-05281-9 
041 0 |a eng 
044 |a FR 
245 1 0 |a OECD economic outlook 85  |b june 2009 
264 1 |a Paris  |b OECD  |c 2009 
300 |a 314 s. 
610 2 0 |a spolupráca medzinárodná 
610 2 0 |a situácia hospodárska 
610 2 0 |a rozvoj hospodársky 
610 2 0 |a kríza hospodárska 
610 2 0 |a nezamestnanosť 
610 2 0 |a makroekonomika 
610 2 0 |a prognózy hospodárske 
610 2 0 |a trh finančný 
610 2 0 |a porovnanie medzinárodné 
610 2 0 |a tabuľky štatistické 
610 2 0 |a inflácia 
610 2 0 |a ukazovatele ekonomické 
610 2 0 |a Slovensko 
610 2 0 |a OECD